Together with Physics-XI (Record no. 11772)

MARC details
000 -LEADER
fixed length control field 00256nam a22000977a 4500
008 - FIXED-LENGTH DATA ELEMENTS--GENERAL INFORMATION
fixed length control field 200207b ||||| |||| 00| 0 eng d
020 ## - INTERNATIONAL STANDARD BOOK NUMBER
International Standard Book Number 9789387672468
100 ## - MAIN ENTRY--PERSONAL NAME
Personal name Verma,R.
9 (RLIN) 7456
245 ## - TITLE STATEMENT
Title Together with Physics-XI
260 ## - PUBLICATION, DISTRIBUTION, ETC. (IMPRINT)
Place of publication, distribution, etc. New Delhi
Name of publisher, distributor, etc. Rachna Sagar
Date of publication, distribution, etc. 2003
Holdings
Withdrawn status Lost status Source of classification or shelving scheme Damaged status Koha normalized classification for sorting Not for loan Home library Current library Shelving location Date acquired Total Checkouts Full call number Barcode Date last seen Price effective from Koha item type
    Dewey Decimal Classification   530_000000000000000   Good Samaritan School Library Good Samaritan School Library Physics 02/07/2020   530 VER15676 02/07/2020 02/07/2020 BOOK

Powered by Koha